Pokémon-Tous les objets de la 1G - Statistiques

Statistiques générales
  • Ce quiz a été pris 91 fois
    18 depuis la dernière actualisation
  • Le résultat moyen est 55 sur 125
Statistiques - réponses
Objet % Correct
Antidote
100%
Hyper Ball
100%
Master Ball
100%
Poké Ball
100%
Super Ball
100%
Hyper Potion
92%
Pierre Eau
92%
Pierre Feu
92%
Potion
92%
Repousse
92%
Super Potion
92%
Antigel
83%
Pierre Foudre
83%
Pierre Lune
83%
Anti-Brûle
75%
Anti-Para
75%
Bicyclette
75%
Guérison
75%
Protéine
75%
Rappel
75%
Super Repousse
75%
Canne
67%
Pierre Plante
67%
Poké Flûte
67%
Rappel Max
67%
Safari Ball
67%
Super Canne
67%
Total Soin
67%
Attaque+
58%
Carte
58%
CS01 Coupe
58%
CS02 Vol
58%
CS03 Surf
58%
CT22 Lance-Soleil
58%
CT38 Déflagration
58%
Défense +
58%
Fer
58%
Méga Canne
58%
Potion Max
58%
Réveil
58%
Calcium
50%
Carbone
50%
Corde Sortie
50%
CS05 Flash
50%
CT13 Laser Glace
50%
CT29 Psyko
50%
Elixir
50%
Huile
50%
Huile Max
50%
Pépite
50%
Poké Poupée
50%
Précision+
50%
Vitesse+
50%
Boîte Jetons
42%
Carte Magnétique
42%
CS04 Force
42%
CT14 Blizzard
42%
CT24 Tonnerre
42%
CT25 Fatal-Foudre
42%
CT26 Séisme
42%
Eau Fraîche
42%
Fossile Dôme
42%
Soda Cool
42%
Super Bonbon
42%
Cherch'Objet
33%
Clé Ascenseur
33%
CT05 Ultimawashi
33%
CT09 Bélier
33%
CT10 Damoclès
33%
CT15 Ultralaser
33%
CT21 Méga-Sangsue
33%
CT28 Tunnel
33%
CT43 Piqué
33%
Elixir Max
33%
Limonade
33%
Multi Exp
33%
Passe Bateau
33%
PP Plus
33%
Repousse Max
33%
Scope Sylphe
33%
CT01 Ulitmapoing
25%
CT02 Coupe-Vent
25%
CT06 Toxik
25%
CT08 Plaquage
25%
CT11 Bulles d'O
25%
CT19 Frappe Atlas
25%
CT27 Abîme
25%
CT32 Reflet
25%
CT36 Destruction
25%
CT39 Météores
25%
CT42 Dévorêve
25%
CT44 Repos
25%
CT45 Cage-Eclair
25%
CT48 Eboulement
25%
CT50 Clonage
25%
Muscle+
25%
Nautile
25%
PV Plus
25%
Vieil Ambre
25%
Atq.Spé+
17%
Clé Secrète
17%
Colis
17%
CT07 Empal'Korne
17%
CT18 Riposte
17%
CT23 Draco-Rage
17%
CT30 Téléport
17%
CT31 Copie
17%
CT33 Protection
17%
CT34 Patience
17%
CT41 E-Coque
17%
CT46 Vague Psy
17%
CT47 Explosion
17%
CT49 Triplattaque
17%
Defense Spec
17%
Bon de Commande
8%
CT03 Danse-Lames
8%
CT04 Cyclone
8%
CT12 Pistolet à O
8%
CT16 Jackpot
8%
CT17 Sacrifice
8%
CT20 Frénésie
8%
CT35 Métronome
8%
CT37 Bomb'Oeuf
8%
CT40 Coud'Krâne
8%
Dentier en Or
8%
Aucun quiz correspondant
Distribution des résultats
% des personnes avec chaque résultat
Percentile par nombre de réponses
Votre historique - résultats
Vous n’avez pas pris ce quiz depuis la dernière actualisation